American writers and radical politics, 1900-39 : equivocal commitments /

Bibliographic Details
Main Author: Homberger, Eric
Format: Book
Language:English
Published: New York : St. Martin's Press, 1986.
Subjects:

MARC

Tag First Indicator Second Indicator Subfields
LEADER 00000cam a2200000 a 4500
001 in00000014344
005 20151007052207.0
008 860108s1986 nyu b 00110 eng
010 |a  86001760  
020 |a 0312027923 :  |c 25.00 (est.) 
035 |a (OCoLC)13092173 
035 |9 AAA6709AM 
040 |a DLC  |c DLC  |d m/c  |d TXA  |d UtOrBLW 
043 |a n-us--- 
049 |a TXAM  |c [A11062444] 
050 0 0 |a PS228.R34  |b H65 1986 
082 0 |a 810/.9/0052  |2 19 
100 1 |a Homberger, Eric. 
245 1 0 |a American writers and radical politics, 1900-39 :  |b equivocal commitments /  |c Eric Homberger. 
263 |a 8604 
264 1 |a New York :  |b St. Martin's Press,  |c 1986. 
300 |a xiii, 268 pages 
336 |a text  |b txt  |2 rdacontent 
337 |a unmediated  |b n  |2 rdamedia 
338 |a volume  |b nc  |2 rdacarrier 
504 |a Bibliography: pages 242-260. 
500 |a Includes index. 
650 0 |a American literature  |y 20th century  |x History and criticism. 
650 0 |a Radicalism in literature. 
650 0 |a Politics in literature. 
650 0 |a Authors, American  |y 20th century  |x Political and social views. 
999 |a MARS 
999 f f |s 993e80fa-9f22-3cdf-bbb1-4f8afc014c50  |i 50e21e8d-d26f-301a-aaab-165a54271081  |t 0 
952 f f |p ric  |a Texas A&M University  |b Rellis Campus  |c Joint Library Facility  |d Remote Storage  |t 0  |e PS228.R34 H65 1986  |h Library of Congress classification  |i unmediated -- volume  |m A14811062444 
998 f f |a PS228.R34 H65 1986  |t 0  |l Remote Storage